00453nam a2200181 a 4500001001300000003000900013005001700022008004100039020001000080082001300090100002000103245002600123260005300149300000900202500003500211505001000246650001500256nice12345678IN_TiNIC20260116011528.0050524s1957 newa grp 000 0 eng  ac10000a657bNOB aNoble, Howard S aAccounting Principles aNew YorkbSouth-Western Publishing Companyc1957 a742p aincludes index and biblioraphy2 aIndex aAccounting